Normal view
MARC view
Entry Topical Term
001 - CONTROL NUMBER
- control field: 875433
003 - CONTROL NUMBER IDENTIFIER
- control field:
005 - DATE AND TIME OF LATEST TRANSACTION
- control field: 20210627090223.0
008 - FIXED-LENGTH DATA ELEMENTS
- fixed length control field: 210627|| aca||aabn | a|a d
040 ## - CATALOGING SOURCE
- Original cataloging agency:
- Transcribing agency:
150 ## - HEADING--TOPICAL TERM
- Topical term or geographic name entry element: Manuscripts
- Geographic subdivision: Great Britain
- General subdivision: Catalogs
670 ## - SOURCE DATA FOUND
- Source citation: Work cat.: ()755445: The British Museum 761053, Supplement to the catalogue of persian manuscripts /, 1895
